| 000 | 00622nam a2200205Ia 4500 | ||
|---|---|---|---|
| 003 | OSt | ||
| 005 | 20240807144329.0 | ||
| 008 | 210210b1973 xxu||||| |||| 00| 0 eng d | ||
| 040 | _cAL | ||
| 041 | _aKannada | ||
| 082 | _aK894.9 MARB | ||
| 100 |
_aMARULASIDDHAYYA (G). _dಮರುಳಸಿದ್ಧಯ್ಯ (ಜಿ) _9175522 |
||
| 245 |
_aBharata natyashastra. _bಭರತ ನಾಟ್ಯಶಾಸ್ತ್ರ. |
||
| 260 |
_aMaisuru _bMaisuru Vishvavidyanilaya _c1973 |
||
| 300 | _axvi,112 | ||
| 650 |
_aNatyashastra Alankara _9175523 |
||
| 690 |
_aKannada Criticism _9175524 |
||
| 906 | _aSG01028 | ||
| 942 |
_2ddc _cBK |
||
| 999 |
_c112641 _d112641 |
||